Neuronale Netze zur Bestimmung nichtlinearer Nutzenfunktionen in Markenwahlmodellen
Gespeichert in:
| 1. Verfasser: | |
|---|---|
| Format: | Buch |
| Sprache: | Deutsch |
| Veröffentlicht: |
Frankfurt am Main
Peter Lang
2002
|
| Schriftenreihe: | Regensburger Beiträge zur betriebswirtschaftlichen Forschung
Band 34 |
| Schlagworte: | |
| Tags: |
Keine Tags, Fügen Sie das erste Tag hinzu!
|
MARC
| LEADER | 00000nam a2200000 4500 | ||
|---|---|---|---|
| 001 | c139678 | ||
| 005 | 20221124092545.1 | ||
| 020 | |a 3-631-39036-X | ||
| 022 | |a 1430-7375 | ||
| 041 | 0 | |a ger | |
| 044 | |a DE | ||
| 245 | 1 | 0 | |a Neuronale Netze zur Bestimmung nichtlinearer Nutzenfunktionen in Markenwahlmodellen |c Markus Probst |
| 264 | 1 | |a Frankfurt am Main |b Peter Lang |c 2002 | |
| 300 | |a 194 s. | ||
| 490 | 1 | |a Regensburger Beiträge zur betriebswirtschaftlichen Forschung |v Band 34 | |
| 830 | 0 | |a Regensburger Beiträge zur betriebswirtschaftlichen Forschung |v Band 34 | |
| 610 | 2 | 0 | |a siete neurónové |
| 610 | 2 | 0 | |a funkcie matematické |
| 610 | 2 | 0 | |a modely nelineárne |
| 610 | 2 | 0 | |a modelovanie ekonometrické |
| 610 | 2 | 0 | |a trh |
| 100 | 1 | |a Probst, Markus | |